logo

Bir Sreshtho Munshi Abdur Rouf Library
Jhenaidah Cadet College

হোমো রিলিজিয়সাস (মানুষ ধর্মীয় জীব) / (Record no. 12486)

MARC details
000 -LEADER
fixed length control field 00811nam a2200217 a 4500
001 - CONTROL NUMBER
JCCL Control Number 12486
003 - CONTROL NUMBER IDENTIFIER
JCCL marc code BD-JhCC
005 - DATE AND TIME OF LATEST TRANSACTION
control field 20220327104220.0
008 - FIXED-LENGTH DATA ELEMENTS--GENERAL INFORMATION
fixed length control field 220305s2020 bg |||| |||| 000 0 mul d
020 ## - INTERNATIONAL STANDARD BOOK NUMBER
International Standard Book Number 9789849363736
035 ## - SYSTEM CONTROL NUMBER
system control number (BD-JhCC)
040 ## - CATALOGING SOURCE
Original cataloging agency BD-JhCC
Modifying agency BD-JhCC
041 ## - LANGUAGE CODE
Language code of Book Bangla and English
082 ## - DEWEY DECIMAL CLASSIFICATION NUMBER
Classification number 201 RAH
Author mark and Year 2020
100 ## - MAIN ENTRY--PERSONAL NAME
Personal name রহমান, মোঃ আলবাবুর
245 ## - TITLE STATEMENT
Title হোমো রিলিজিয়সাস (মানুষ ধর্মীয় জীব) /
Statement of responsibility, etc মোঃ আলবাবুর রহমান
260 ## - PUBLICATION, DISTRIBUTION, ETC. (IMPRINT)
Place of publication, distribution, etc ঢাকা :
Name of publisher, distributor, etc শ্রীহট্ট প্রকাশ,
Date of publication, distribution, etc ২০২০
300 ## - PHYSICAL DESCRIPTION
Pagination ৩২৫ পৃ. :
Dimensions ২১ সেমি.
504 ## - BIBLIOGRAPHY, ETC. NOTE
Bibliography, etc নির্ঘন্ট অর্ন্তভূক্ত।
942 ## - ADDED ENTRY ELEMENTS (KOHA)
Source of classification or shelving scheme Dewey Decimal Classification
Koha item type Books
Holdings
Source of classification or shelving scheme Damaged status Not for loan Home library Current library Shelving location Date of accession Cost, normal purchase price Total Checkouts Full call number Barcode Date last seen Date checked out Copy number Koha item type
Dewey Decimal Classification     JCC Rouf Library JCC Rouf Library General Stacks 08/02/2021 680.00 2 201 RAH 2020 17118 12/23/2025 11/09/2025 C-1 Books

JCC Library | Contacts | JCC Home

Last Update on 23 September 2017
Copyright @ 2017-2020 JCC Rouf Library
Rouf Library, Jhenidah Cadet College (JCC), Bangladesh